000 00540nam a2200217Ia 4500
008 101110s9999 xx 000 0 und d
041 _aMARATHI
082 _bSR25509
100 _aBhamare Jitendra Suresh
245 _aAashiyacha itihas (1900-1976)
260 _c2004
_bSheth Publication, mumbai
300 _a226
365 _b70
520 _aHistory
546 _aMARATHI
630 _aAashiyacha itihas (1900-1976)
650 _aHistory
655 _aHistory
730 _aAashiyacha itihas (1900-1976)
942 _cBOOK
999 _c818122
_d818119